000 00407nam a2200169Ia 4500
008 230524s9999 xx 000 0 und d
082 _a334
_bSHA
100 _aR.K.Sharma
245 0 _aOrganisation Structure and System
250 _a1ST
260 _aNEW DELHI
_bKalyani
_c2008
300 _aV;330
500 _aQuantity Number: 40
650 _aManagement
700 _aShashi K.Gupta
942 _cBK
999 _c38805
_d38805